000
00268nam a2200109Ia 4500
008
220204s9999 xx 000 0 und d
082
_a
541.251
_b
DOY
245
0
_a
Stereoselective reductions
260
_a
Pennsylvania
_b
Dowden
_c
1976
700
_a
Michael P
942
_c
BK
999
_c
29003
_d
29003